000 01259cam a2200301 i 4500
003 SA-RiAUC
005 20241106083543.0
008 241105s1992 xx f b 00000 ara c
040 _aQA-DoFIS
_bara
_cSA-RiAUC.
_erda
050 4 _b.A28 1992
050 4 _b.A287 1992
082 0 4 _a251.8
_qSA-RiAUC
090 _a251.8
_bأ ب و س
100 1 _aأبو سنة، أحمد فهمي،
_d1909-2003
_eمؤلف.
245 1 2 _aالعرف والعادة في رأي الفقهاء :
_bعرض نظرية في التشريع الإسلامي /
_cأحمد فهمي أبو سنة.
250 _aالطبعة الثانية.
264 1 _a[مكان النشر غير محدد] :
_b[الناشر غير محدد]،
_c1992
300 _a273 صفحة ؛
_c23 سم
336 _aنص
_btxt
_2rdacontent
_3كتاب
337 _aبدون وسيط
_bn
_2rdamedia
338 _aمجلد
_bnc
_2rdacarrier
500 _aالأصل أطروحة (دكتوراه)-جامعة الأزهر، 1941.
504 _aببليوجرافية : صفحة 158-265.
650 7 _aالعرف (فقه إسلامي)
_2aucsh
650 7 _aالعادات والتقاليد (فقه إسلامي)
_2aucsh
942 _2ddc
_cBOOK
_n0
949 _aSA-JeALM
_d241105
_umohamedma123
_n1
999 _c2086
_d2086